NBA 2017-18 Current Starting Lineups - Statistics

General Stats
  • This quiz has been taken 208 times
    176 since last reset
  • The average score is 73 of 210
Answer Stats
Number: Position: Team: City/Player name: % Correct
25 PG ~ Ben Simmons
95%
17 SF ~ Johnathon Simmons
93%
21 C ~ Joel Embiid
89%
34 SF ~ Giannis Antetokoumpo
84%
22 SF ~ Khris Middleton
77%
11 PG ~ Kyrie Irving
74%
6 PG ~ Eric Bledsoe
72%
7 SF ~ Jaylen Brown
72%
0 C ~ Kevin Love
71%
23 SF ~ LeBron James
71%
11 C ~ Brook Lopez
70%
42 C ~ Robin Lopez
70%
5 SG ~ J.R Smith
68%
1 PG ~ Dennis Smith Jr.
67%
32 PF ~ Blake Griffin
66%
23 PF ~ Draymond Green
66%
14 PG ~ Ish Smith
66%
0 SG ~ Jayson Tatum
66%
42 PF ~ Al Horford
65%
14 SG ~ Danny Green
65%
0 PF ~ JaMychal Green
65%
33 C ~ Marc Gasol
65%
16 C ~ Pau Gasol
65%
33 SF ~ Robert Covington
65%
17 SG ~ J.J. Redick
64%
11 PG ~ Mike Conley
64%
9 SF ~ C.J Williams
62%
6 C ~ Deandre Jordan
62%
23 SG ~ Lou Williams
62%
2 PF ~ Marvin Williams
62%
3 PG ~ Isaiah Thomas
60%
42 SF ~ Lance Thomas
60%
11 PG ~ Jrue Holiday
59%
7 SG ~ Justin Holiday
59%
11 SG ~ Klay Thompson
59%
30 PG ~ Stephen Curry
59%
23 SG ~ Jimmy Butler
58%
99 PF ~ Jae Crowder
56%
2 PG ~ Lonzo Ball
56%
34 SF ~ Tobias Harris
56%
23 PF ~ Anthony Davis
55%
3 PG ~ Chris Paul
55%
14 SG ~ Gary Harris
55%
13 SF ~ Paul George
55%
0 PG ~ Russell Westbrook
55%
45 SG ~ Donovan Mitchell
54%
35 SF ~ Kevin Durant
54%
13 SG ~ Malcolm Brogdon
54%
14 SF ~ Brandon Ingram
53%
10 SG ~ DeMar DeRozan
53%
10 SG ~ Eric Gordon
53%
2 SF ~ Kawhi Leonard
53%
1 SG ~ Devin Booker
52%
7 PG ~ Goran Dragic
52%
7 PG ~ Kyle Lowry
52%
9 PF ~ Dario Saric
51%
0 C ~ DeMarcus Cousins
51%
21 C ~ Hassan Whiteside
51%
15 C ~ Nikola Jokic
50%
0 PG ~ Damian Lillard
49%
32 C ~ Karl-Anthony Towns
49%
32 PG ~ Khris Dunn
49%
9 PG ~ Tony Parker
49%
3 SG ~ Bradley Beal
48%
15 C ~ Clint Capela
48%
12 C ~ Dwight Howard
48%
~ Coach ~ Doc Rivers
47%
55 PG ~ Jarret Jack
47%
0 PF ~ Kyle Kuzma
47%
12 C ~ Steven Adams
47%
0 C ~ Andre Drummond
46%
22 SF ~ Andrew Wiggins
46%
3 SG ~ C.J. McCollum
46%
2 PG ~ John Wall
46%
33 C ~ Myles Turner
46%
1 SF ~ Evan Turner
45%
3 PG ~ Ricky Rubio
45%
3 PG ~ George Hill
44%
12 PF ~ LaMarcus Aldridge
44%
2 SF ~ Joe Ingles
43%
6 PF ~ Kristaps Porzingis
43%
27 PG ~ Jamal Murray
42%
~ Coach ~ Jason Kidd
42%
9 PG ~ Rajon Rondo
42%
4 SG ~ Victor Oladipo
42%
40 SF ~ Harrison Barnes
41%
15 PG ~ Kemba Walker
41%
14 SG ~ Michael Kidd-Gilchrist
41%
9 PF ~ Serge Ibaka
41%
46 C ~ Aron Baynes
39%
17 PG ~ Dennis Schroder
39%
41 PF ~ Dirk Nowitzki
39%
31 C ~ John Henson
39%
27 C ~ Zaza Pachulia
39%
21 PF ~ Thaddeus Young
38%
00 C ~ Enes Kanter
37%
27 C ~ Jusuf Nurkic
37%
22 SF ~ Otto Porter Jr.
37%
45 SF ~ Denzel Valentine
36%
15 PF ~ Derrick Favors
35%
5 SF ~ Nicholas Batum
35%
1 SF ~ Trevor Ariza
35%
17 C ~ Jonas Valanciunas
33%
21 SG ~ Andre Roberson
32%
8 SF ~ Bogdan Bogdanovic
32%
44 SF ~ Bojan Bogdanovic
32%
0 SF ~ Josh Richardson
31%
24 SF ~ Kent Bazemore
31%
8 PG ~ Spencer Dinwiddie
31%
5 PF ~ Markieff Morris
30%
~ ~ 76ers Philadelphia
30%
67 PF ~ Taj Gibson
30%
00 PF ~ Aaron Gordon
29%
~ Coach ~ Brad Stevens
29%
13 C ~ Marcin Gortat
29%
~ Coach ~ Steve Kerr
29%
11 SG ~ Dion Waiters
28%
~ ~ Bucks Milwaukee
28%
33 PF ~ Ryan Anderson
27%
~ ~ Bulls Chicago
26%
2 PG ~ Darren Collison
26%
10 SG ~ Evan Fournier
26%
21 C ~ Tyson Chandler
26%
21 SF ~ Wilson Chandler
26%
22 SG ~ Avery Bradley
25%
2 PG ~ Elfrid Payton
25%
12 SG ~ Taurean Prince
25%
~ ~ Cavaliers Cleveland
24%
1 SG ~ Kentavious Caldwell-Pope
24%
~ ~ Celtics Boston
23%
7 PF ~ Carmelo Anthony
23%
24 PF ~ Lauri Markkanen
23%
~ ~ Clippers | Lakers Los Angeles
23%
1 PG ~ Tyus Jones
23%
24 C ~ Mason Plumlee
22%
18 C ~ Miles Plumlee
22%
~ ~ Hawks Atlanta
21%
3 SF ~ O.G Anunoby
21%
12 SG ~ Tyreke Evans
21%
8 PF ~ Al-Farouq Aminu
20%
~ Coach ~ Brett Brown
20%
55 SF ~ E'Twaun Moore
20%
9 PF ~ Kelly Olynyk
20%
~ ~ Grizzlies Memphis
20%
~ Coach ~ Tyronn Lue
20%
12 SF ~ T.J. Warren
19%
44 C ~ Tyler Zeller
19%
50 PF ~ Zach Randolph
19%
~ ~ Hornets Charlotte
18%
~ ~ Jazz Utah
18%
5 SG ~ Courtney Lee
17%
~ Coach ~ Gregg Popovich
17%
~ Coach ~ Luke Walton
17%
~ ~ Heat Miami
17%
~ ~ Kings Sacramento
17%
~ ~ Nuggets Denver
16%
25 PF ~ Reggie Bullock
16%
~ ~ Mavericks Dallas
15%
7 PF ~ Ersan Ilyasova
15%
~ Coach ~ Mike Dantoni
15%
~ ~ Knicks New York
15%
~ ~ Magic~ Orlando
15%
24 PF ~ Rondae Hollis-Jefferson
15%
~ Nets Brooklyn
14%
~ ~ Pelicans New Orleans
14%
~ ~ Raptors Toronto
14%
~ ~ Rockets Houston
13%
~ ~ Wizards Washington
13%
~ ~ Pistons Detroit
12%
~ Coach ~ Erik Spoelstra
12%
~ ~ Timberwolves Minnesota
12%
~ ~ Thunder Oklahoma City
12%
~ ~ Spurs San Antonio
12%
~ Coach ~ Billy Donovan
11%
~ Coach ~ Dwayne Casey
11%
~ ~ Pacers Indiana
11%
0 PF ~ Marquese Chriss
11%
~ ~ Trail Blazers Portland
11%
~ Coach ~ Rick Carlisle
11%
33 PG ~ Allen Crabbe
10%
~ Coach ~ Tom Thibodeau
9%
11 C ~ Bismack Biyombo
8%
17 SG ~ Garrett Temple
8%
8 SF ~ James Ennis III
8%
41 C ~ Kosta Koufos
8%
~ Coach ~ Mike Budenholzer
8%
4 PG ~ Milos Teodosic
8%
2 PG ~ Tyler Ulis
8%
23 SG ~ Wesley Mathews
8%
~ Coach ~ Frank Vogel
7%
8 SF ~ Jonas Jerebko
7%
~ Coach ~ Stan Van Gundy
7%
~ Coach ~ Alvin Gentry
6%
~ Coach ~ Quin Snyder
6%
~ Coach ~ Scott Brooks
6%
~ Coach ~ Steve Clifford
6%
~ Coach ~ David Fizdale
5%
9 SF ~ DeMarre Caroll
5%
~ Coach ~ Mike Malone
5%
~ Coach ~ Nate McMillan
5%
~ Coach ~ Terry Stotts
5%
~ Coach ~ Jeff Hornacek
4%
~ ~ Suns Phoenix Suns
4%
~ ~ Warriors Golden State Warriors
3%
3 C ~ Maxi Kleber
3%
~ Coach ~ Dave Joerger
2%
~ Coach ~ Earl Watson
2%
~ Coach ~ Fred Hoidberg
2%
~ Coach ~ Kenny Atkinson
2%
No matching quizzes found
Score Distribution
Percent of People with Each Score
Percentile by Number Answered
Your Score History
You have not taken this quiz since the last reset